| 000 | 02158cam a2200301 a 4500 | ||
|---|---|---|---|
| 999 |
_c9027 _d9027 |
||
| 003 | BD-JhCC | ||
| 005 | 20180307131927.0 | ||
| 008 | 100609s2010 nyu 000 0 eng d | ||
| 020 | _a9781416599654 (pbk.) | ||
| 020 | _a1416599657 (pbk.) | ||
| 035 | _aBD-JhCC | ||
| 040 |
_aIMR _cIMR _dBTCTA _dYDXCP _dDLC _dBD-JhCC |
||
| 041 | _aeng | ||
| 050 | 0 | 0 |
_aPS1603 _b.B35 2010 |
| 082 | _bEME 2010 | ||
| 100 | 1 |
_aEmerson, Ralph Waldo, _d1803-1882. |
|
| 240 | 1 | 0 | _aWorks. |
| 245 | 1 | 0 |
_aSelected writings / _cRalph Waldo Emerson ; supplementary materials written by Laura Baker ; series edited by Cynthia Brantley Johnson. |
| 260 |
_aNew York : _bSimon and Schuster Paperbacks, _c2010. |
||
| 300 |
_axvi, 397 p. ; _c17 cm. |
||
| 490 | 0 | _aSimon and Schuster enriched classic | |
| 505 | 0 | _aIntroduction -- Chronology of Ralph Waldo Emerson's life and work -- Historical context of the writings of Ralph Waldo Emerson. ADDRESSES AND ESSAYS : The American scholar -- The divinity school address, Nature, Self-reliance -- The Over-soul -- Circles -- The poet -- Experience -- Politics -- Montaigne ; or, The skeptic -- Thoreau -- The transcendentalist -- Fate. POEMS: Uriel -- The rhodora -- The snow-storm -- Threnody -- Concord hymn -- Brahma -- The Sphinx -- Each and all -- The problem -- Hamatreya -- The humble-bee -- Ode -- Give all to love -- Days -- Terminus. Notes -- Interpretive notes -- Critical excerpts -- Questions for discussion -- Suggestions for the interested. | |
| 520 | _aThis Enriched Classic edition includes: A concise introduction that gives the reader important background information ; A chronology of the author's life and work ; A timeline of significant events that provides the book's historical context ; An outline of key themes to guide the reader's own interpretations ; Detailed explanatory notes ; Critical analysis and modern perspectives on the work ; Discussion questions to promote lively classroom and book group interaction ; A list of recommended related books and films to broaden the reader's experience. | ||
| 700 | 1 | _aBaker, Laura. | |
| 700 | 1 |
_aJohnson, Cynthia, _d1969- |
|
| 942 |
_2ddc _cBK |
||